Missing Word: Crow, Crows, and Crowes Quiz Stats

Quiz Updated Oct 20, 2014

Challenge
Share
Tweet
Embed
Score 0/18 Timer 02:00
0 Plays Today
Missing Word % Correct
Cut
91.1%
Happy
86.4%
Wanna
82.4%
Winding
66.4%
Taxi
66%
Jones
52.9%
Angels
49.7%
Soak
44.6%
Here
34.8%
Missing Word % Correct
Handle
33.8%
Me
30.6%
Hard
28.1%
December
23.3%
Accidentally
21.3%
Strong
19.3%
Jealous
11.4%
Thorn
8.1%
Silences
5.2%

Today's Daily Dose

Word Ladder
Summertime

On This Day
June 23rd II

You're not logged in!

Compare scores with friends on all Sporcle quizzes.
Join for Free
OR
Log In

You Might Also Like...

Show Comments

Extras

Top Quizzes Today


Score Distribution

Your Account Isn't Verified!

In order to create a playlist on Sporcle, you need to verify the email address you used during registration. Go to your Sporcle Settings to finish the process.

Report this User

Report this user for behavior that violates our Community Guidelines.

Details: